000 00649nam a2200229 i 4500
001 134880
003 ES-MaACL
005 20231227144949.0
007 t|
008 070702s1962 sp ||||1| spa d
080 _a301.153.5
080 _a323.237
100 1 _aTierno Galván, Enrique,
_d1918-1986
_9110235
245 1 0 _aAnatomía de la conspiración /
_cE. Tierno Galván.
260 _aMadrid :
_bTaurus,
_c[1962]
300 _a65 p. ;
_c18 cm.
490 1 _aCuadernos Taurus ;
_v42
650 _aActividades subversivas.
_99590
830 1 _aCuadernos Taurus ;
_v42
_9180748
852 _aES-MaACL
_jG-9856
999 _c134880
_d134880